Quizzes
Events
Quiz Creation
Community
Videos
Private Events
Remove Ads
Sign In
Join for FREE
Feedback
Dark Mode
Quiz Categories
Sports
Geography
Music
Movies
Television
Just For Fun
Miscellaneous
History
Literature
Language
Science
Gaming
Entertainment
Religion
Holiday
For Kids
Quiz Lab
Recent
Popular Today
Quiz Kudos Today
Editor Picks
Curator Picks
Quizzes by...
Day
Popularity
Type
Ratings
Length
Year
Community
Subscriptions
Recent Discussions
Orange Saloon
Badges
Playlists
Quests
Create
Leaderboards
Showdown
Live 5
Trivia Bingo
Activity
Puzzle Library
Sporcle Events
Private Events
Virtual Trivia
Globe League
Become a Host
Pub Owners
SporcleCon
Opinionation
Our Games
Videos
Blog
Mobile Apps
Partnerships
Remove Ads and Go Orange
Feedback
Television
TV Characters
TV Show
Sitcom
Network
Friends
Reality Shows
Cast
South Park
Star Trek
The Simpsons
Doctor Who
Television
TV Characters
TV Show
Sitcom
Network
Friends
Reality Shows
Cast
South Park
Star Trek
The Simpsons
Doctor Who
Random Quiz
Search Sporcle
×
Quiz Lab
Quiz Lab
Television
Song
Type in answers that appear in a list
Type in answers that appear in a list
Classic
Best Score? Go Orange.
Name the Alvin and the Chipmunk Songs (specials) Stats
Can you name all the songs from the 80's/90's specials
By
jackthechipmunk
15m
32 Questions
16 Plays
16 Plays
16 Plays
Comments
Comments
Give Quiz Kudos
Give Quiz Kudos
-
- Ratings
hide this ad
Replay
Link that replays current quiz
Next Quiz
Link to next quiz in quiz playlist
You Got
0%
They Got
Avg Score
35%
Avg Friend Score
Upgrade to see
Score Distribution
Jump to the score distribution portion of the page
Score
0/32
Timer
15:00
0
Plays Today
Hint
Answer
% Correct
A Chipmunk Christmas
The Chipmunk Song (Christmas Don't Be Late)
50%
A Chipmunk Christmas
Silent Night
50%
I Love the Chipmunks Valentine
Captain Chipmunk
50%
A Chipmunk Reunion
Vinny's Lullaby
50%
Trick or Treason
Monster Mash
50%
I Love the Chipmunks Valentine
Tell Him
43.8%
A Chipmunk Reunion
Mother and Child Reunion
43.8%
Rockin' Through the Decades
Sleigh Ride
43.8%
A Chipmunk Christmas
Deck the Halls
37.5%
I Love the Chipmunks Valentine
I Give Up On You
37.5%
A Chipmunk Reunion
Shake It Up
37.5%
Rockin' Through the Decades
Witch Doctor
37.5%
Rockin' Through the Decades
Heartbreak Hotel
37.5%
Rockin' Through the Decades
Beat It
37.5%
Rockin' Through the Decades
Crocodile Rock
37.5%
Trick or Treason
You Never KNow
37.5%
Hint
Answer
% Correct
Trick or Treason
Halloween Is Coming
37.5%
A Chipmunk Celebration
Come On-A My House
37.5%
The Easter Chipmunk
Ode To The Easter Bunny
37.5%
A Chipmunk Christmas
It's Beginning To Look Like Christmas
31.3%
A Chipmunk Christmas
Chipmunk Jingle Bells
31.3%
A Chipmunk Christmas
The Spirit Of Christmas
31.3%
Rockin' Through the Decades
Tutti Frutti
31.3%
A Chipmunk Christmas
Wonderful Day
25%
A Chipmunk Christmas
We Wish You A Merry Christmas
25%
Rockin' Through the Decades
She Loves You
25%
Rockin' Through the Decades
Surfin' Safari
25%
Rockin' Through the Decades
(I Can't Get No) Satisfaction
25%
Rockin' Through the Decades
Smooth Criminal
25%
Rockin' Through the Decades
Rock Around the Clock
25%
A Chipmunk Celebration
I'm Going Crazy
25%
A Chipmunk Celebration
Gotta Believe In Pumpkins
25%
Quiz Playlist
Details
Report
Send in Message
Add To Playlist
Classic:
Type in answers that appear in a list
Last Updated: Feb 16, 2017
Quiz Scoreboard
CHALLENGE
Sign Up to Join the Scoreboard
Show All
Scores
Hide
Comments
May contain spoilers
Recently Published
Presidents Visiting Landmarks
by Hejman
History
7m
An Introduction to Baseball
by treessimontrees
Sports
5m
Movies - When Are They Set?
by FPL_Elf
Movies
5m
More to Explore
Quiz From the Vault
Featured Blog Post
Where Did the Easter Bunny Come From?
hide this ad
You Might Also Like...
Tags
Song Quiz
Alvin
chipmunk
special
Today's Top Quizzes in Television
Browse Television
hide this ad
Today's Top Quizzes in Song
Browse Song
Top Contributed Quizzes in Television
1
5-to-1: The Simpsons Families
2
One Piece Logic Puzzle
3
5-to-1: Television Doctors
4
7-to-1: TV Show Settings
5
5-to-1: Streaming Originals
6
Survivor Logic Puzzle: Heroes vs. Villains
7
Survivor Seasons
8
Survivor Season by Logo
9
One Thing in Common: Television
10
Survivor Trivia
Explore More
Trending Topics
Anime
Kpop
NBA
Harry Potter
Crossword
Marvel
Disney
WWE
NFL
Pokémon
The Office
Song
Soccer
Country
Puzzle
hide this ad
More By:
jackthechipmunk
Quiz
Plays
Rating
Category
Featured
Created
Alvinnn!!! School Characters (Logic Puzzle)
356
Television
Feb 22, 2020
Name the Alvin and the Chipmunk Songs (movies)
168
1.00
Television
Oct 13, 2016
Name the Marvel Characters Civilian Identity
84
2.50
Entertainment
Oct 25, 2019
Name the Sorted Harry Potter Characters (Books 1-5)
68
4.00
Literature
Oct 26, 2021
Name the Alvinnn!!! Characters (Slideshow)
65
Television
Mar 29, 2019
Go to Creator's Profile
Score Distribution
Quiz Creator Spotlight
jackthechipmunk
Follow
Send a Message
Quizzes Created
-
Created Quiz Play Count
-
More By This Creator
Popular Quizzes Today
1
Find the US States - No Outlines Minefield
2
Find the Countries of Europe - No Outlines Minefield
3
The Countries of the World
4
Find the US States
5
Popular People in 1961
6
US States
7
Risky Map Clicking: Biggest States A-Z
8
Movies - When Are They Set?
More Television Quizzes
Big Brother: 3 HOHs & 3 Vetoes
Quiz Lab
Trending Quizzes
Risky Map Clicking: Least Populous States A-Z
1-10 Letter G Words
1-10 Letter F Words
Risky Map Clicking: Next State Alphabetically
Risky Map Clicking: Biggest States A-Z
Recently Updated
Leaping Animals
pecheneg
Reality TV Shows (A-Z)
bhenderson79
Rickey Henderson's Hall of Fame Teammates
pecheneg
Champions League XIs: Arsenal
pecheneg
Quick Pick: Celebrities in WWE's Hall of Fame
aduchscher
A-Z Keypad Blitz II
pecheneg
Multiple Oscar Actors
pecheneg
Mystery Phrase Blitz: Oscar 'Best Actors'
pecheneg
F. Scott Fitzgerald Novels
LTH
Pick 3 Villains
ddd62291
Trending Topics
Disney
Marvel
Harry Potter
Crossword
NBA
Anime
Kpop
The Office
WWE
Song
NFL
Pokémon
Country
Puzzle
Soccer
Your Account Isn't Verified!
In order to create a playlist on Sporcle, you need to verify the email address you used during registration. Go to your
Sporcle Settings
to finish the process.
Report this User
Report this user for behavior that violates our
Community Guidelines
.
Details:
Send Report
Go to the Sporcle.com Mobile Site →
Comments